№ 7, 2014; Горный информационно-аналитический бюллетень (научно-технический журнал)

Λεπτομέρειες βιβλιογραφικής εγγραφής
Parent link:Горный информационно-аналитический бюллетень (научно-технический журнал)=Mining informational and analytical bulletin (scientific and technical journal)/ Московский государственный горный университет (МГГУ). № 7, 2014.— , 2005-
Άλλοι συγγραφείς: Гитис Л. Х.
Γλώσσα:Ρωσικά
Έκδοση: 2014
Θέματα:
Μορφή: Βιβλίο
KOHA link:https://koha.lib.tpu.ru/cgi-bin/koha/opac-detail.pl?biblionumber=277965

MARC

LEADER 00000nam2a2200000 4500
001 277965
005 20231101235051.0
035 |a (RuTPU)RU\TPU\book\301242 
035 |a RU\TPU\book\288389 
035 |a RU\TPU\book\283079 
090 |a 277965 
100 |a 20141208d2014 k y0rusy50 ca 
101 0 |a rus 
102 |a RU 
105 |a a z 001zy 
200 0 |a № 7, 2014  |f гл. ред. Л. Х. Гитис 
210 |d 2014 
215 |a 431 с.  |c ил. 
320 |a Библиография в конце статей 
461 1 |0 (RuTPU)RU\TPU\book\86561  |t Горный информационно-аналитический бюллетень (научно-технический журнал)  |l Mining informational and analytical bulletin (scientific and technical journal)  |f Московский государственный горный университет (МГГУ)  |v № 7, 2014  |d 2005-  
606 1 |a Горное дело  |2 stltpush  |3 (RuTPU)RU\TPU\subj\7566  |9 35173 
610 1 |a месторождения 
610 1 |a подземная разработка 
610 1 |a метан 
610 1 |a безопасность 
610 1 |a полезные ископаемые 
610 1 |a обогащение 
610 1 |a открытые горные работы 
610 1 |a горные машины 
610 1 |a горное оборудование 
610 1 |a горный транспорт 
610 1 |a экономика 
610 1 |a планирование 
610 1 |a аэрология 
610 1 |a экология 
610 1 |a электрификация 
610 1 |a подземные сооружения 
610 1 |a шахты 
610 1 |a строительство 
610 1 |a горные процессы 
610 1 |a маркшейдерское дело 
610 1 |a технологии 
610 1 |a геология 
610 1 |a взрывные работы 
610 1 |a измерения 
610 1 |a контроль 
610 1 |a диагностика 
610 1 |a математическое моделирование 
610 1 |a компьютерное моделирование 
610 1 |a геодинамика 
610 1 |a скважинные технологии 
610 1 |a депонированные рукописи 
610 1 |a препринты 
675 |a 622  |v 3 
702 1 |a Гитис  |b Л. Х.  |4 651 
801 1 |a RU  |b 63413507  |c 20140602 
801 2 |a RU  |b 63413507  |c 20141210  |g RCR 
942 |c BK